| 000 | 00830nam a22002777a 4500 | ||
|---|---|---|---|
| 001 | 5118 | ||
| 003 | FISKH | ||
| 005 | 20241106165216.0 | ||
| 008 | 241106b cb ||||| |||| 00| 0 eng d | ||
| 040 |
_aFISKH _beng _cFISKH _dFISKH |
||
| 050 | _aPZ7.C5792 | ||
| 082 | _a813.54 | ||
| 100 | _aCleary, Beverly | ||
| 245 |
_aRomona and Her Mother / _cby Beverly Cleary |
||
| 260 |
_aNew York : _bA Yearling Book ; _c1979 . |
||
| 300 |
_a207 pages : _billustrations ; _c18 cm . |
||
| 490 |
_aRamona Quimby _vBook 5 |
||
| 505 | _aV | ||
| 520 | _aRamona at 7 1/2 sometimes feels discriminated against by being the youngest in the family. | ||
| 521 | 8 |
_a860
_bLexile |
|
| 521 | 8 |
_aV
_bRaz-Plus |
|
| 650 |
_achildren's _vfiction |
||
| 700 |
_aTiegreen , Alan _eillustrator |
||
| 942 |
_2ddc _cBK _n0 |
||
| 999 |
_c5118 _d5118 |
||